000 00649nam a2200193Ia 4500
005 20260114185638.0
008 008 260114s9999 xx 000 0 eng d
020 _a9781474284899
037 _aEBOOK
040 _aCRL
_beng
_cCRL
041 _aeng
_2eng
084 _qCRL
100 _aChristopher Abel
_9872625
245 0 _aLatin America, Economic Imperialism and the State The Political Economy of the External Connection from Independence to the Present
260 _bBloomsbury
_c2015
856 _uhttps://doi.org/10.5040/9781474284899?locatt=label:secondary_bloomsburyCollections
942 _cEBOOK
999 _c1471573
_d1471573